Statistics for Apollo Missions by Insignia

Click here to take the quiz!

General Stats

  • This quiz has been taken 89 times
  • The average score is 5 of 11

Answer Stats

Answer% Correct
Apollo 11
82%
Apollo 12
78%
Apollo 9
62%
Apollo 16
58%
Apollo 8
51%
Apollo 15
47%
Apollo 13
36%
Apollo 17
33%
Apollo 7
29%
Apollo 10
27%
Apollo 14
27%

Score Distribution

Percentile by Number Answered

Percent of People with Each Score

Your Score History

You have not taken this quiz